00424nam a22001457a 450000500170000001000130001702000110003003500130004103700360005408200080009010000160009824500710011426000530018530000400023820190522143801.0 aB-094396 c325.00 aB-094396 bSole Distributors Lilliputians. a921 aJasra, M.S. aMemorable episodes of the great little son of india /cM.S. Jasra. aNew DelhibSole Distributors Lilliputians.c2005 a189p (in include index)c21cm (hbk)